Chinese History 101 Quiz #9 - Statistics

General Stats
  • This quiz has been taken 224 times
    221 since last reset
  • The average score is 6 of 10
Answer Stats
Question Answer % Correct
What was the Japanese Unit 731 famous for? Experimenting biological weapons on thousands of Chinese PoWs, women and children
100%
What was Wang Jingwei most famous for? As a collaborationist with the Japanese and headed the puppet state of Nationalist Government in Nanjing in 1940
75%
Why did the Soviet aid to China end in 1941? It signed the Soviet-Japanese Neutrality Pact to avoid fighting war on two fronts
75%
After which incident did the Second Sino-Japanese War break out in 1937? Marco Polo Bridge Incident (7/7 Incident)
75%
What caused the 1938 Yellow River flood that killed half a million people? The Chinese Nationalist Government destroyed the dike in a desperate attempt to halt the rapid advance of Japanese forces
75%
Which of the following was NOT one of the reasons the US dropped two atomic bombs in Japan in 1945? The Chinese government requested the United States to bomb Japan as a revenge for the war atrocities committed by the Japanese
58%
How many people did the Chinese claim to have been massacred by the Japanese in the Rape of Nanking? 300,000
50%
Which bloody battle in 1937 was considered the "Stalingrad of the Yangtze"? Battle of Shanghai
42%
What was the Japanese objective of Operation Ichi-Go in 1944? To destroy American airfields in southern China that threatened the Japanese home islands
25%
When did the British colony of Hong Kong surrender to Japan? On Christmas Day 1941
17%
No matching quizzes found
Score Distribution
Percent of People with Each Score
Percentile by Number Answered
Your Score History
You have not taken this quiz since the last reset